LEADER 00989nam0-22003131i-450- 001 990006480060403321 005 20001010 035 $a000648006 035 $aFED01000648006 035 $a(Aleph)000648006FED01 035 $a000648006 100 $a20001010d--------km-y0itay50------ba 101 0 $aita 105 $ay-------001yy 200 1 $a<>GUIDE to manuscripts and Documents in the British Isles Relating to Africa$fCompiled by Noel Matthews and M. DoreenWainwright$gedited by J.D. Pearson 210 $aLondon$cOxford University Press$d1971. 215 $aXVI, 321 p.$d22 cm 676 $a016.96 702 1$aMatthews,$bNoel 702 1$aWainwright,$bMary Doreen 702 1$apearson$bJ.D. 801 0$aIT$bUNINA$gRICA$2UNIMARC 901 $aBK 912 $a990006480060403321 952 $aXIV E 124$b3542$fFSPBC 959 $aFSPBC 996 $aGUIDE to manuscripts and Documents in the British Isles Relating to Africa$9652984 997 $aUNINA DB $aGEN01 LEADER 01128nam0-22003131i-450- 001 990000735070403321 005 20091119134545.0 035 $a000073507 035 $aFED01000073507 035 $a(Aleph)000073507FED01 035 $a000073507 100 $a20020821d1898----km-y0itay50------ba 101 0 $aita 102 $aIT 105 $aa-------001yy 200 1 $aIllustrazione dei principali monumenti di arte e di storia del versante amalfitano coll'enumerazione delle parrocchie,confraternite e stemmi dei municipi e con 42 incisioni$fpel Luigi. M. Mansi 210 $aRoma$cTip. G. Bertero$d1898 215 $a74 p.$cill.$d23 cm 610 0 $aOpere d'arte$aAmalfi 700 1$aMansi,$bLuigi M.$036904 801 0$aIT$bUNINA$gRICA$2UNIMARC 901 $aBK 912 $a990000735070403321 952 $aRARI B 87$b4179$fFARBC 952 $a01.347$b4876$fDARST 959 $aFARBC 959 $aDARST 996 $aIllustrazione dei principali monumenti di arte e di storia del versante amalfitano coll'enumerazione delle parrocchie,confraternite e stemmi dei municipi e con 42 incisioni$9322659 997 $aUNINA